LOTR/Tolkien nerd test - Statistics

General Stats
  • This quiz has been taken 3,469 times
  • The average score is 6 of 12
Answer Stats
Hint Answer % Correct
How many wizards are there in Middle Earth? 5
90%
Who was the first Dark Lord? Morgoth (Melkor)
83%
What type of being was the first Dark Lord? Valar
71%
What type of being are the wizards (and also balrogs and Sauron)? Maiar
68%
What is the name of the creator of the Tolkien universe? Eru Iluvatar
54%
What was Sauron known as during that time? The Necromancer
54%
Where are the wizards from? Valinor
53%
What is the name of the fortress Sauron hid in in Mirkwood during the Second Age? Dol Guldur
50%
What is the name of the land that is submerged/flooded at the end of the First Age? Beleriand
31%
Where was the first Dark Lord based? Angband
30%
Another name Sauron has been given / known as? Annatar / Gorthaur the cruel / Mairon / Artano / The Great Eye / The Enemy
25%
The posh name for Mount Doom? Oroduin (Amon Amarth)
15%
No matching quizzes found
Score Distribution
Percent of People with Each Score
Percentile by Number Answered
Your Score History
You have not taken this quiz